El Salvador: representación, partidos y gobernabilidad /

Furkejuvvon:
Bibliográfalaš dieđut
Váldodahkki: Córdova Macías, Ricardo
Materiálatiipa: Texto
Fáttát:
Fáddágilkorat: Lasit fáddágilkoriid
Eai fáddágilkorat, Lasit vuosttaš fáddágilkora!

MARC

LEADER 00000 a a2200000 04500
001 7442
003
040
100 |a Córdova Macías, Ricardo  
245 |a El Salvador:   |b representación, partidos y gobernabilidad /  |c Ricardo Córdova Macías 
650 |a PARTIDOS POLITICOS  
650 |a GOBERNABILIDAD  
650 |a DEMOCRACIA  
650 |a SISTEMAS ELECTORALES  
650 |a SOCIEDAD CIVIL  
650 |a POLITICA GUBERNAMENTAL  
773 |g número 3; páginas 47-53  
999 |c 32125  |d 32125